00333nam a22001457a 4500003000400000008004100004020001800045082001500063100002100078245002800099250000900127260002200136300001100158650001800169OSt200711b ||||| |||| 00| 0 eng d a9788185790305 a615.321KHP aKhandelwal , K.R aPractical Pharmacognosy a2019 aNew DelhibNirali aA.IV.3 aPharmacognosy